Fundamentals of Electronic Devices / (Record no. 181611)
[ view plain ]
| 000 -LEADER | |
|---|---|
| fixed length control field | 01450 a2200229 4500 |
| 003 - CONTROL NUMBER IDENTIFIER | |
| control field | Nust |
| 005 - DATE AND TIME OF LATEST TRANSACTION | |
| control field | 20221122105346.0 |
| 010 ## - LIBRARY OF CONGRESS CONTROL NUMBER | |
| LC control number | 81082747 |
| 020 ## - INTERNATIONAL STANDARD BOOK NUMBER | |
| International Standard Book Number | 0675098874 |
| 040 ## - CATALOGING SOURCE | |
| Transcribing agency | Nust |
| 082 00 - DEWEY DECIMAL CLASSIFICATION NUMBER | |
| Classification number | 621.381,TOC |
| 100 1# - MAIN ENTRY--PERSONAL NAME | |
| Personal name | Tocci, Ronald J. |
| 9 (RLIN) | 66452 |
| 245 10 - TITLE STATEMENT | |
| Title | Fundamentals of Electronic Devices / |
| Statement of responsibility, etc. | Ronald J. Tocci. |
| 250 ## - EDITION STATEMENT | |
| Edition statement | 4th ed. |
| 260 ## - PUBLICATION, DISTRIBUTION, ETC. | |
| Place of publication, distribution, etc. | Columbus, Ohio : |
| Name of publisher, distributor, etc. | Merrill, |
| Date of publication, distribution, etc. | c1982. |
| 300 ## - PHYSICAL DESCRIPTION | |
| Extent | xiii, 561 p. : |
| Other physical details | ill. ; |
| Dimensions | 26 cm. |
| 440 #0 - SERIES STATEMENT/ADDED ENTRY--TITLE | |
| Title | Merrill's international series in electrical and electronics technology |
| 9 (RLIN) | 103325 |
| 505 ## - FORMATTED CONTENTS NOTE | |
| Formatted contents note | Basic Atomic Theory (Page-1), Basics of Current Flow (Page-15), General Device Analysis (Page-22), Semiconductor Principles (Page-34), The P-N Junction (Page-52), Zener Diodes and Special Diodes (Page-97), Diode Circuits Examples (Page-128), Optoelectronic Devices (Page-153), Bipolar Transistors (Page-185), More on the Bipolar Transistor (Page-251), Transistor Amplifiers Principles (Page-293), The Common-Emitter Amplifiers (Page-315), Other Transistor Amplifiers (Page-352), Junction Field – Effect Transistors (Page-398), Mosfets and application of Fets (Page-443), Introduction to Integrated Circuits (Page-470), op – Amps and Application (Page-484), Industrial Devices (Page-524), Industrial Devices : Unijunstion Transistors and other Devices (Page-575). |
| 650 #0 - SUBJECT ADDED ENTRY--TOPICAL TERM | |
| Topical term or geographic name entry element | Electronic apparatus and appliances. |
| 9 (RLIN) | 10193 |
| 650 #0 - SUBJECT ADDED ENTRY--TOPICAL TERM | |
| Topical term or geographic name entry element | Telecommunication Engineering |
| 942 ## - ADDED ENTRY ELEMENTS (KOHA) | |
| Source of classification or shelving scheme | |
| Koha item type | Book |
| Withdrawn status | Lost status | Source of classification or shelving scheme | Damaged status | Not for loan | Permanent Location | Current Location | Shelving location | Date acquired | Full call number | Barcode | Date last seen | Price effective from | Koha item type | Public note |
|---|---|---|---|---|---|---|---|---|---|---|---|---|---|---|
| Military College of Signals (MCS) | Military College of Signals (MCS) | General Stacks | 12/12/2016 | 621.381,TOC | MCS22641 | 12/08/2016 | 12/12/2016 | Book | Almirah No.31, Shelf No.6 |
